| 000 | 00707nam a2200289Ia 4500 | ||
|---|---|---|---|
| 005 | 20260324144854.0 | ||
| 008 | 008 260324s9999 xx 000 0 eng d | ||
| 020 | _a9781003428145 | ||
| 037 | _aEBOOK | ||
| 040 | _aCRL | ||
| 040 | _beng | ||
| 040 | _cCRL | ||
| 041 | _2eng | ||
| 041 | _aeng | ||
| 084 | _qCRL | ||
| 100 |
_aBernard Semmel _91220920 |
||
| 245 | 0 | _aLiberalism and Naval Strategy | |
| 245 | 0 | _bIdeology, Interest and Sea Power During the Pax Britannica | |
| 260 | _bTaylor and Francis | ||
| 260 | _c1986 | ||
| 365 | _a | ||
| 365 | _b160 | ||
| 856 | _uhttp://www.taylorfrancis.com/books/9781003428145 | ||
| 942 | _cEBOOK | ||
| 999 |
_c1828086 _d1828086 |
||